[Event "Fide WC"]
[Site "Elista RUS"]
[Date "1996.06.06"]
[Round "1"]
[White "Karpov, A"]
[Black "Kamsky, G"]
[Result "1-0"]
[WhiteElo "2770"]
[BlackElo "2735"]

1. d4 Nf6 2. c4 g6 3. Nc3 d5 4. Qb3 Bg7 5. Nf3 dxc4 6. Qxc4 O-O 7. e4 
Bg4 8. Be2 Nc6 9. Be3 Bxf3 10. Bxf3 e5 11. d5 Nd4 12. Bd1 b5 { 12. .... b5!?N 
[12... c6 13. dxc6 Rc8 14. O-O Rxc6 15. Qa4 Ra6 13. Nxb5 Nxe4 14. O-O a6 .......
Corral Blanco Juan A- Malisauskas Vidmantas, Oviedo (Spain), It (active)]}
13. Nxb5 Nxe4 14. O-O a6 15. Nc3 Nd6 16. Qd3 Qh4 17. g3 Qh3 18. Bxd4 exd4 
19. Ne2 Qf5 20. Nf4 Rfb8 21. Qxf5 Nxf5 22. Nd3 Bh6 23. Re1 a5 24. Bg4 Nd6 
25. Re2 a4 26. a3 Ra5 27. Rc2 Rxd5 28. Rxc7 Ra5 29. Bf3 Bg5 30. Rd1 Rc8 
31. Rxc8 Nxc8 32. h4 Bf6 33. Rc1 Nd6 34. Kf1 Be7 35. Ke2 Kf8 36. Rc7 Bf6
37. Kd2 h5 38. Ke2 Nf5 39. Rc4 Nd6 40. Rb4 Ra6 41. Nc5 Ra7 42. Kd3 Rc7 
43. Nxa4 Rc1 44. Nb6 Bg7 45. a4 Ra1 46. Nd7 Ke8 47. Nc5 Ke7 48. Kc2 Rf1 
49. Nd3 Ra1 50. Kb3 f5 51. Rb6 Bh6 52. Bd5 g5 53. Ra6 gxh4 54. gxh4 Rd1 
55. Bc4 Rh1 56. a5 Rxh4 {Adjourned} 57. Bd5  {Black resigned 
without resumption of play. 57. Bd5 (Sealed move.) }1-0

[Event "Fide WC"]
[Site "Elista, Russia"]
[Round "4"]
[Date "1996.06.12"]
[White "Kamsky,G"]
[Black "Karpov,An"]
[Result "0-1"]
[WhiteElo "2735"]
[BlackElo "2770"]

1.e4 c6 2.d4 d5 3.exd5 cxd5 4.c4 Nf6 5.Nc3 e6 6.Nf3 Bb4
7.cxd Nxd5 8.Bd2 Nc6 9.Bd3 O-O 10.O-O Be7 11.Qe2 Nf6 12.Ne4 Qb6
{N [12... Nd4?! 13. Nd4 Qd4 14. Bc3 Qd8 15. Nf6 Bf6 16. Rad1 White is better; 12...
Bd7 13. Rad1 Rc8 14. Rfe1 Nd5 15. Nc3 Nf6 16. a3 Qc7 17. Bg5 Qa5 18. d5! 
Kamsky - Karpov (game #2);
12... Nxe4 13. Qxe4 f5 14. Qe3 Bf6 15. Bc3 Qd6 16. Rfe1 Ne7 17. Ne5 Nd5 
18. Qd2 Bd7 19. Bc4 Bc6 20. Bb3 Bxe5 21. dxe5 Qd7 ... 
1/2-1/2 Kveinys - Hellsten, Dresden (Germany), 1994]}
13.a3 Bd7 {[Time: 0.29-0.12]} 14.Rfd1 {[If 14... Nd4? 15. Nd4 Qd4
16. Bc3 Qa4 17. Nf6 Bf6 18. Bf6 gf 19. b3! Qa5 20. Bh7 White is better.]}
Rad8 15.Nxf6+ Bxf6 16.Qe4 g6 17.Be3 Ne7 18.Ne5 Nf5
19.Nc4 {[1.22-1.01]} Qa6 20.a4 Bc6 21.Qf4 Bd5 22.Ne5 Qb6 23.Bxf5 exf5 24.Rd2 Bg7
25.h4 Rfe8  26.Qg3 Rc8 27.Nd7 Qc6 28.Nc5 b6 29.Nd3 Qd7
30.a5 Re4 31.Nf4 b5 32.Rdd1 Bc4 33.Rac1 {[Black is better]} h6 34.Rc3 b4
35.Rc2 Rc6 {[1.55-1.55]} 36.Rdc1 Bb5 37.Kh2 Kh7 38.Rxc6 Bxc6 39.Rc4 Bf8 40.Nd3 Qe6
41.d5 Bxd5 42.Rxe4 Bxe4 43.Bxa7 Bd6 44.Nf4 Qe5 {[2.50-2.29]} 45.Nh3 Qe7
{White resigned [2.53-2.30]}
0-1

[Event "Fide WC "]
[Site "Elista, Russia"]
[Date "1996.06.18"]
[Round "7"]
[White "Karpov,An"]
[Black "Kamsky,G"]
[Result "1-0"]
[WhiteElo "2770"]
[BlackElo "2735"]

1. d4 Nf6 2. c4 g6 3. Nc3 Bg7 4. e4 d6 5. Nf3 O-O 6. Be2 e5 7. O-O Nc6 8.
d5 Ne7 9. b4 Nh5 10. Re1 h6 11. Nd2 Nf4 12. Bf1 a5 {N (0.20) [12... f5 13. c5 g5 
(13... fe 14. cd cd 15. Nde4 Nf5 16. g3 Nh5 unclear ... 0-1, G.Tunik - V.Fedorov,
Vladivostok 1995) 14. cd cd 15. Nc4 g4 16. b5 Rf6 17. Qb3 Kh7 18. b6 a6 
19. Ba3 Rg6 20. Rac1 h5 21. Qb4 Bf8 22. Qb1! h4 23. Ne3 White is better ... 1-0, 
Sokolov Ivan - Van Wely Loek Amsterdam 1995]} 13. bxa5 Rxa5 14. Nb3
Ra8 15. c5 f5 16. cxd6 cxd6 17. Nd2 g5 18. Rb1 g4 19. Qb3 fxe4 20. Ndxe4
Kh8 21. Be3 {(1.16)} Nf5 {(1.26)} 22. Bb6 Qe7 23. Qb4 Rf7 24. a4 Bf8 25. Be3 Nh5 26. Rbc1 Nf6
27. Bb6 h5 28. Nxf6 Qxf6 29. Ne4 Qg6 30. a5 Ng7 31. Bb5 Bf5 32. Ng3 Bc8 33.
Rc3 h4 34. Bd3 Nf5 {34. ... Nf5?} 35. Bxf5 { [35. Rc8! Rc8 36. Nf5 Rf5 37. Qe4 
White has a decisive advantage]} Bxf5 36. Nxf5 Qxf5 37. Rc4 Rg7 38. Qb1 Qh5 39.
Qd1 h3 40. Ree4 hxg2 41. Rxg4 Rh7 42. h4 Be7 43. f3 Rg8 44. Bf2 Rhg7 45.
Qe2 Bd8 46. Be1 Qf7 47. Qd3 Qh5 48. Qe4 Qh6 49. Qf5 Bxa5 50. Rxg7 Bb6+ 51.
Kxg2 Qxg7+ {51. ... Qxg7+? (51... Rg7!?)} 52. Rg4 Qe7 53. Qh5+ Qh7 54. Rxg8+ Kxg8 
55. Qe8+ Kg7 56. Qe7+ Kh8 57. Qxd6 {Game adjourned. White has a decisive advantage}
57... Qg7 {Sealed move} 58. Bg3 Bc7 59. Qe6 {(3.03)} Kh7 {(3.17)} 60. d6 Bd8 61. Qf5 Kh6  
62. Kh3 Qf6 63. Qf6 Bf6 64. Kg4 b5 65. Kf5 Bd8 66. Ke5 Kg6 67. Kd5 b4 68. Kc4 Ba5 69. Kb3 
{(3.38)} Kf5 {(3.30)} 70. Ka4 Ke6 71. h5 {Black resigned } 1-0

[Event "Fide WC"]
[Site "Elista RUS"]
[Date "1996.06.20"]
[Round "8"]
[White "Kamsky, G"]
[Black "Karpov, An"]
[Result "1/2-1/2"]
[WhiteElo "2735"]
[BlackElo "2770"]

1. e4 c6 2. d4 d5 3. Nd2 dxe4 4. Nxe4 Nd7 5. Ng5 Ngf6 6. Bd3 e6 7. N1f3 Bd6 8.
Qe2 h6 9. Ne4 Nxe4 10. Qxe4 Nf6 11. Qe2 Qc7 12. Bd2 b6 13. O-O-O Bb7 14. Ne5 c5
15. Bb5+ Ke7 16. dxc5 Qxc5 17. a3 Qc7 {17. ... Qc7 N [17... a5 18. Bc3 Rhd8 (18... Bd5 
19. Rhe1 Rhc8 20. f3 Kf8 21. Kb1 Qc7 22. Bd4 Rd8 23. Qf2 Bc5  24. Bxc5 Qxc5 
25. Qxc5 bxc5 26. c4 Bb7 27. Kc2 ... 1-0 Ivanchuk - Karpov, Monte Carlo, active, 1996) 
19. Bd4 Qc7 20. Nc4 Bc5 21. Be5 Qc8 22. Bxf6 gxf6 23. Rxd8 Qxd8 24. Rd1 Bd5 
25. Bc6  Bxc6 26. Rxd8 Rxd8 27. Ne3 ... 1-0 Anand - Karpov, Monte Carlo, blindfold, 1996]}
18. Bf4 Nd5 19. Bg3 Rhd8 20. Rd4 Kf8 21. Kb1 a6 22. Rc4 Qe7 23. Nc6 Bxc6 
24. Bxc6 Ra7 25. Bxd5 exd5 26. Bxd6 Qxd6 27. Rd4 {(1.09) White stands slightly better.} 
b5 {(1.26)} 28. Qd3 Kg8 29. g3 Qe6 30. Rd1 Rad7 31. h4 Rd6 32. Rd2 Qe1+ 33. Ka2 Qe7
34. Qf3 Qe6 35. Re2 Qc8 36. Qd3 Rc6 37. Kb1 Re6 38. Re3 Qc6 39. Qd2 Rxe3 40.
Qxe3 {(1.51)} Qe6 {(1.56)} 41. Qd2 Rd6 42. g4 Qf6 43. g5 Qf3 44. Ka2 Qf5 45. c3 Qf3 46. Rf4 Qh3
47. gxh6 Qe6 48. Qd4 Qxh6 49. Rf5 Qe6 50. Re5 Qd7 51. Ka1 f6 52. Re3 Rc6 53. h5
Rc4 54. Qb6 d4 55. Rd3 Qf5 56. Rxd4 {(2.58)} Rxd4 {(2.57)  Game adjourned}  
57. cd {57. cd  ... sealed move } Qf2 58. Qe6 Kf8  59. Qd6 Kf7 60. Qd7 {(3.16)} Kf8 {(3.00)}
61. Qd7-d6 Kf8-f7 62. Qd6-d7 Kf7-f8 63. Qd7-d6 {draw}
1/2-1/2

[Event "Fide WC"]
[Site "Elista, Russia"]
[Date "1996.06.24"]
[Round "10"]
[White "Kamsky,G"]
[Black "Karpov,An"]
[Result "1-0"]

1. d4 Nf6 2. c4 e6 3. Nf3 b6 4. a3 Bb7 5. Nc3 d5 6. cxd5 Nxd5 7. Bd2 Nd7 
8. Qc2 c5 9. Nxd5 exd5 {9...Bxd5 was played here before} 10. dxc5 bxc5 
11. e3 Be7 12. Bd3 g6 13. h4 Qb6 14. h5 {(0.31)} Bf6 {(1.03)} 15. Rb1 Rc8 
16. Qa4 Bc6 17. Qg4 Bb5 {17. ... Bb5? 17...Qb3!} 18. Bc2 a5 19. hxg6 hxg6 
20. Rxh8 Bxh8 21. Ng5 Bf6 22. a4 Bc6 23. Kf1 Ke7 24. e4 Qa6 25. Kg1 Ne5 26. Qf4 d4
27. Nh7 Bh8 28. Qh4 f6 29. f4 Nd7 30. Re1 Qc4 31. Bb1 Kd6 32. e5 fxe5 33.
fxe5 Nxe5 34. Bf4 Qd5 35. Be4 Qe6 36. Ng5 Qe7 37. Bxc6 Kxc6 38. Bxe5 Bxe5
39. Qe4 Kd6 40. Qxg6 Kc7 41. Ne6 Kd6 42. Nf4 Qf6 43. Qxf6 Bxf6 44. Re6 Kd7
45. Rxf6 Rb8 46. Nd3 c4 47. Ne5 Ke7 48. Rf4 Rxb2 49. Nxc4 Rb4 50. Rxd4 Rxa4
51. Kf2 Ra2 52. Kf3 a4 53. Ne3 Ke6 54. Ke4 Ra1 55. g4 Ke7 56. Rd5 Kf6 57.
Ra5 Kg6 58. Kf4 Kf7 59. Ra6 {Karpov resigned }
1-0

[Site "Elista Rus"]
[Date "1996.06.26"]
[Round "11"]
[White "Karpov Anatoly"]
[Black "Kamsky Gata"]
[Result "1/2-1/2"]
[WhiteElo "2770"]
[BlackElo "2735"]

1. d4 d5 2. c4 c6 3. Nf3 Nf6 4. Nc3 e6 5. e3 Nbd7 6. Qc2 Bd6 7. Be2 O-O 8.
O-O Re8 9. Rd1 Qe7 10. a3 b6 11. e4 Nxe4 12. Nxe4 dxe4 13. Qxe4 Bb7 14. Bf4
Bxf4 15. Qxf4 c5 16. Qc7 Rab8 17. b4 {17. b4 N (0.59) [17. Ne5 Ne5 18. Qe7 Nf3 
19. gf Re7 20. dc bc 21. b4 Kf8 22. Rd2 Rc7 23. f4 Ke7 24. f3 Rd8 25. Rd8 Kd8 
26. Kf2 = ... 1/2 Dokhoian Y. (RUS) - Bangiev A. (GER), Germany 1993]} Rec8 
18. Qf4 Bxf3 {[18... cb?! 19. ab Qb4 20. Ra7 (20. Ng5 Nf6? 21. Bh5!; 20... Qe7!) 
h6 21. d5! ed 22. Nd4! with idea 23. Nf5]} 19. Bxf3 cxd4 20.
Qxd4 Rc7 21. Be2 Rbc8 22. Ra2 h6 23. Rad2 Nf6 {Time : (1.14) (1.06)} 24. Qe5 Rd7 
25. Rxd7 Nxd7 26. Qd4 Nf6 27. h3 {[White is slightly better]} Kf8 28. Rc1 Nd7 
29. Bf3 e5 30. Qd3 g6 31. Rd1 Rc7 32. Be2 Kg7 33. Qc3 Nf6 34. Qe3 h5 35. Bf1 Rc6 
{Time : (1.46) (1.49)} 36. Rc1 Qd6 37. g3 Nd7 38. c5 bxc5 39. Bb5 Rc7 40. Bxd7 Rxd7 
41. Rxc5 f6 42. h4 Qe6 43. Kh2 Qa6 44. Qf3 Qf1 45. Rc6 Rf7 46. Qe3 Qb5 47. Qc5 Qxc5 
48. Rxc5 g5 49. hxg5 fxg5 50. Kg2 Kf6 {(2.40)} 51. b5 {(2.50)} Kf5 52. a4 h4 53. a5 Rb7 
54. f3 Ke6 55. b6 axb6 56. Rb5 h3 57. Kxh3 Rh7 58. Kg4 bxa5 59. Rxa5 {game adjourned}
59 Rb7 {59... Rb7 sealed move} 60. Ra6 Ke7 61. Kg5 Rb3 62. Kg4 Kf7 {(3.11)} 
63. Rh6 {(3.08)} Ra3 64. Rh5 Kf6  65. Rf5 Ke6 66. Kg5 e4 {Draw}
1/2-1/2

[Event "Fide WC"]
[Site "Elista, Russia"]
[Date "1996.06.28"]
[Round "12"]
[White "Kamsky,G"]
[Black "Karpov,An"]
[Result "1/2-1/2"]
[WhiteElo "2735"]
[BlackElo "2770"]

1. e4 c6 2. d4 d5 3. Nd2 de 4. Ne4 Nd7 5. Ng5 Ngf6 6. Bd3 e6 7. N1f3 Bd6 
8. Qe2 h6 9. Ne4 Nxe4 10. Qxe4 Nf6 11. Qe2 Qc7 12. Bd2 b6 13. 0-0-0 Bb7 
14. Rhe1 0-0 15. g4 {15. g4!? N [15. Ba6 Bxa6 16. Qxa6 Kb8 17. Qe2 Nd5 
18. c4 Nf4 19. Qf1 Ng6 20. g3 Be7 21. h4 h5 22. Qe2 ...1:0 
Sokolov A. - Karpov A., Belfort 1988]} c5 16. g5 hg 17. Ng5 Bf4 18. h4 Rad8 
19. dc bc 20. Be3 Rd4! {20. ... Rd4!} 21. Rg1 Be3 22. fe Rh4 {Time : (1.20) (1.17)}
23. Rdf1 Qe5 24. Qf2 Rh6 25. Rg3 Be4 26. Rfg1 g6 27. Rf1 Kg7 28. Qf6 Qf6
29. Rf6 Bd3 30. Rf7 Rf7 31. Nf7 Rh1 32. Kd2 Bc2 33. Nd8 Rh2 34. Kc3 Kf6 
35. Nb7 Bf5 {Time : (1.56) (1.54)} 36. Nc5 Rc2 37. Kd4 Rd2 38. Kc3 Rc2 
39. Kd4 e5 40. Kd5 Rd2 41. Kc4 Rc2 42. Kd5 Rd2 43. Kc4 g5 {[43... Rb2 44. e4!]}
44. e4 Bc8 {[44... Rd4 45. Kb5 Be4 46. Ka6! unclear] (2.18)} 45. Kc3 {(2.19)} Rd1 
46. Rf3 Kg7 47. Nd3 g4 {Time : (2.27) (2.44)} 48. Rg3 Kf6 49. Nf2 Rc1 50. Kd2 Ra1 
51. Ng4 Bg4 52. Rg4 Ra2 {Time : (2.36) (2.53)} 53. Kc3 Ra4 54. b4  {Draw}
1/2-1/2

[Event "Fide WC"]
[Site "Elista Rus"]
[Date "1996.06.30"]
[Round "13"]
[White "Karpov Anatoly"]
[Black "Kamsky Gata"]
[Result "1/2-1/2"]
[WhiteElo "2770"]
[BlackElo "2735"]

1. d4 Nf6 2. c4 e6 3. Nf3 b6 4. g3 Ba6 5. b3 Bb4 6. Bd2 Be7 7. Bg2 c6 
8. Bc3 d5 9. Ne5 Nfd7 10. Nxd7 Nxd7 11. Nd2 0-0 12. 0-0 Rb8 13. Bb2 N
{13. Bb2 N [13. Re1 b5 14.c5 e5 15. de Nc5 16. a3 Ne6 17. b4 d4 18. Bb2 c5 
19. bc Bc5 20. Ne4 Be7 21. e3! Karpov - Kamsky, Elista (m/3) 1996]} 13 b5 
14. c5 e5 15. de Nc5 {Time : (0.24) (0.33)} 16. a3 Bb7 17. b4 Na4 18. Bd4 a5 
19. Qb3 Nb6 20. Qc3 Na4 21. Qb3 Nb6 22. Rfd1 {(1.00) [With the idea 23. e4!]}
22 Nc4 23. Qc3 Ra8 24. Nb3 {(1.08) [x c5]} 24 Qc7 {(1.00)} 25. Nc5 Bc8 
26. h3 {[White stands better]} Rd8 27. g4 {27. g4!? (1.29)} ab 28. ab Ra1 
29. Ra1 Bc5 30. bc Bb7 31. e3 Ra8 32. Bf1 Ra1 33. Qa1 Qa5 34. Qa5 Na5 
35. Bd3 b4 36. f4 Nc4 {Time : (1.50) (1.53)} 37. Bc2 Bc8 38. f5 Nd2 39. Ba4 Bd7 
40. Kf2 g6 {Time : (1.56) (1.57)} 41. Kg3 {41. Kg3!} Kf8 42. Kf4 Ke7 43. e6 
{43. e6!? (2.46)} fe 44. f6 Kf7 {(2.18)} 45. Bc2 {45. Bc2? (2.46) [45. g5 b3 
46. Bc3 Ne4 47. Bd4 Nd2=; 47... Nf2!; 46. h4 Bc8!?]} h6 46. h4 b3 47. Bd3 g5
{47. ... g5!} 48. hg hg 49. Kg3 {(2.54 [49. Kg5 Nf3 50. Kf4 (50. Kh6 e5) Nd4 
51. ed Kf6 52. g5 Kg7 with the idea Bd7-e8-g6]} b2 {49. ... b2! (2.41)
[49... Nc4 50. Bc4 dc 51. Be5=]} 50. Bb2 Nb3 51. Bc2 Nc5 52. e4 {(2.56)} de 
53. Kf2 Bc8 54. Ke3 Nd7 55. Be4 c5 56. Bf3 Ba6 {Time : (2.58) (2.49) Game was adjourned.}
57. Ba3 Bb5 58. Kf2 Bc4 59. Bc6 Ne5 60. Bf3 Bd5 61. Be2 Nd7 {Time : (3.32) (2.51)} 
62. Ke3 Bc6 63. Bd3 Kf6 64. Ke2 Kf7 65. Bc1 Ne5 66. Bg5 Ng4 67. Kd2 Bd5 
68. Kc3 e5 69. Bf5 Nf6 70. Bh4 Ne8 71. Bf2 Nd6 72. Bd3 c4 73. Bh7 Kg7 
74. Bc2 Kf6 75. Kb4 Ke6 {Time : (4.32) (4.07)} 76. Bc5 Nb7 77. Bf2 Nd6 
78. Bc5 Nf7 79. Be3 Kf6 80. Bd1 e4 81. Be2 Ne5 82. Kc5 Bf7 83. Kd4 Kf5 
84. Kc3 {(4.48)} Bd5 85. Kd4 Ke6 86. Kc3 Kf5 87. Kd4 Bf7 88. Kc3 Ng4 
89. Bg4 Kg4 90. Kd2 {Time : (4.55) (4.48)   Draw }
1/2-1/2

[Event "Fide WC"]
[Site "Elista Rus"]
[Date "1996.07.08"]
[Round "17"]
[White "Karpov Anatoly"]
[Black "Kamsky Gata"]
[Result "1/2-1/2"]
[WhiteElo "2770"]
[BlackElo "2735"]


1. Nf3 Nf6 2.c4 e6 3. g3 a6 4. Bg2  b5 {(0.12)(0.08)} 5. b3 c5 6. 0-0 Bb7 
7. e3 Be7 {7. ... Be7 N (0.20)(0.22) [7... d5 8. cd Bd5 9. Nc3 Bb7 10. d4 Nbd7 
11. Bb2 1/2:1/2, Miralles - Boudre, Paris 1989]} 8. Nc3 Qa5 9. Bb2 0-0  
10. Qe2 Nc6 11. Rfb1 bc 12. bc Rab8 13. d3 Ba8 14. a3 Rfc8 {(0.55)(1.01)} 
15. Qc2 Nd8 16. Bc1 d6 17. Bd2 Qc7 18. Rb8 Rb8 19. Rb1 Bc6 20. Rb8 Qb8 
21. Ne1 Bg2 22. Kg2 Qb7 23. f3 Nd7 24. Qb1 Qb1 25. Nb1 Nc6 26. Bc3 f5 
27. Nd2 Kf7 {(1.31)(1.22)} 28. Kf2 g5 29. h3 h5 30. Ke2 Kg6 31. Nb3 d5 
{(1.41) (1.29) [With the idea Nb6xc4]} 32. e4 Bd6 {32. ... Bd6!?} 33. cd ed 
34. ef Kf5 35. g4 Kg6 36. Ng2 hg 37. fg Be7 {(1.53)(1.46)} 38. Na5 {(1.55)} Na5 
39. Ba5 Kf7 40. Ne3 Ke6 41. Nf5 Bf6 {(1.58)} 42. Bd2 {(2.15)} Nf8 43. Be3 d4 
44. Bc1 Bd8 45. Ng3 Kd5 46. Nf1 Ne6 {[Black is better]} 47. Nh2 Bc7 
{[47... c4!? xa3]} 48. Nf3 Bf4 49. Bd2 c4 50. dc Kc4 51. h4! gh 52. Nh4 d3 
53. Kd1 Bd2 54. Kd2 Ng5 55. Nf5 Nf3 56. Ke3 Ne5 57. Nd6 Kc3 58. Ne4 Kc2 
59. g5 Ng6 {(3.10)(3.00) Game was adjourned. Sealed move 60. Kd4 Draw.} 
60. Kd4  1/2-1/2

[Event "Fide WC"]
[Site "Elista (Rus)"]
[Date "1996.07.10"]
[Round "18"]
[White "Kamsky, Gata"]
[Black "Karpov, Anatoly"]
[Result "1/2-1/2"]
[WhiteElo "2735"]
[BlackElo "2770"]


1. d4 Nf6 2. c4 e6 3. Nf3 b6 4. g3 Ba6 5. b3 Bb4 6. Bd2 Be7 7. Bg2 c6 
8. Bc3 d5 9. Ne5 0-0 {[9... Nfd7 - Kamsky - Karpov, Elista (m/16)1996]}
10. 0-0 Bb7 11. Nd2 Na6 12. e4 c5 13. ed ed 14. Re1 cd 15. Bd4 Nc5 
16. Ng4 dc {(0.39) (0.50)} 17. Nc4 {(1.21) [17. Bb7 Nb7 18. Re7!? Qd4!
(18... Qe7? 19. Nf6 gf 20. Qg4 Kh8 21. Qh4) 19. Nf6 Qf6 20. Rb7 Rfd8= ]}
Bg2 18. Kg2 Ng4 19. Qg4 Bf6 20. Rad1 h5 {20. ... h5!? [20... Bd4 21. Rd4 Qc7 
22. Nd6  Ne6? 23. Re6!... 1/2 : 1/2, Kasparov - Karpov, Moscow (m/16) 1984; 
20... h5 - 1/2 : 1/2 Novikov - Dorfman, Tashkent 1984]} 21. Bf6 hg 
22. Bd8 Rad8 23. Ne3 {[23. Ne5!? f5 24. Nc6 Nd3!]} Nd3 24. Re2 Ne5 
{(1.36) (1.29)} 25. Red2 Rd2 26. Rd2 g6= {26. ... g6 =} 27. h3 gh 28. Kh3 Re8 
29. Kg2 {(1.43)} Kf8 30. f4 Nc6 31. Kf3 Re6 32. g4 b5 (1.44) 33. Rd7 Ke8
34. Rd1 Ne7 {(1.49) (1.47)} 35. f5 gf 36. gf Rc6 {[36... Ra6!?]} 37. Ke4 Ng8 
38. Ke5 Ra6 {(1.55)(1.54)} 39. Rd2 Nf6 40. Rc2 Kd8 {(1.57)(1.57)} 41. Kd4 Rb6 
42. Kc5 b4 43. Kd4 Rd6 {(2.22) (2.26)} 44. Ke5 Ra6 45. Nc4 Ke7 46. Re2 Nd7  
47. Kf4 Kf6 48. Rd2 Ke7 49. Rh2 Nb6 50. Re2 Kf8 51. Ne3 Ra5 {(2.39)(2.49)} 
52. Ke4 Ke7 53. Rc2 Kd6 54. Kd4 Kd7 55. Ke4 Kd6 56. Rd2 Ke7 {(2.56)(2.56)} 
57. Ng4   {(3.01) Game was adjourned.} 57. f6 {57... f6 (Sealed move.) (3.10)}
58. Ne3 Re5 59. Kf4 Ra5 60. Kg4 Re5 61. Kf3 Ra5 62. Rh2 Ke8 63. Ke4 Re5 
64. Kd4 Ra5 {(3.30) (3.19)} 65. Ke4 Re5 66. Kf4 Ra5 67. Kg4 Ke7 68. Rd2 Re5 
69. Rd3 Kf7 70. Kf4 Ra5 71. Rd6 Ke7 72. Re6 Kf7 73. Re4 Ra2 74. Rb4 Ra5 
75. Kf3 Re5 76. Rd4 Rb5 77. Rd3 Nc8 78. Nd5 Ne7 79. Ne7 Ke7 80. Kg4 a5 
{(4.41)(4.24) Draw.} 1/2-1/2 
*